劇場版『名探偵コナン』主題歌アーティスト名(サドンデス) - Statistics

General Stats
  • This quiz has been taken 244 times
    41 since last reset
  • The average score is 9 of 20
Answers on the Grid
Answers color-coded by a green-red scale on the quiz's grid according to % correct below.
Little Glee Monster
BREAKERZ
ZARD
B'z
ゆず
新浜レオン
DAIGO
DEEN
HIROOMI TOSAKA
三枝夕夏 IN db
King Gnu
all at once
VALSHE
いきものががり
Naifu
TWO-MIX
焚吐×みやかわくん
aiko
Cellchrome
SARD UNDERGROUND
浜崎あゆみ
スピッツ
レミオロメン
宇徳敬子
湘南乃風
GLAY
First place
ポルノグラフィティ
愛内里菜&三枝夕夏
大黒摩季
宮川愛李
WANDS
東京事変
Official髭男dism
Hundred Percent Free
倉木麻衣
BUMP OF CHICKEN
Every Little Thing
滴草由実
Rainy。
サザンオールスターズ
小松未歩
竹井詩織里
rumania montevideo
YOASOBI
宇多田ヒカル
岩田さゆり
福山雅治
愛内里菜
AAA
SEKAI NO OWARI
斉藤和義
稲葉浩志
上原あずみ
安室奈美恵
GARNET CROW
杏子
柴咲コウ
上木彩矢
RAKURA
MISIA
 
Answer Stats
Answer % Correct
always
Time after time~花舞う街で~
PUZZLE
渡月橋~君 想ふ~
倉木麻衣
67%
ONE
Everlasting
ゆるぎないものひとつ
Don’t Wanna Lie
世界はあなたの色になる
B'z
67%
美しい鰭 スピッツ
63%
零-ZERO- 福山雅治
60%
TWILIGHT!!! King Gnu
57%
相思相愛 aiko
53%
少女の頃に戻ったみたいに
夏を待つセイル(帆)のように
翼を広げて
ZARD
53%
ハルウタ いきものががり
50%
永遠の不在証明 東京事変
50%
オー!リバル ポルノグラフィティ
47%
ラストダンスあなたと MISIA
47%
あなたがいるから 小松未歩
40%
クロノスタシス BUMP OF CHICKEN
40%
ラブサーチライト 柴咲コウ
33%
七つの海を渡る風のように 愛内里菜&三枝夕夏
27%
ワンモアタイム 斉藤和義
27%
Over Drive GARNET CROW
27%
Happy Birthday 杏子
23%
Dream×Dream 愛内里菜
17%
BLUE SAPPHIRE HIROOMI TOSAKA
17%
No matching quizzes found
Score Distribution
Percent of People with Each Score
Percentile by Number Answered
Your Score History
You have not taken this quiz since the last reset